Co można zastawić? - Statystyki

Ogólne statystyki
  • Ten quiz został rozwiązany 5 razy
  • Średni wynik to 1 z 5
Statystyki odpowiedzi
Odpowiedź % Poprawnych
Dom
67%
Biżuterię
33%
Stół
33%
Bramę
0%
Pułapkę
0%
Nie znaleziono quizów pasujących do podanych kryteriów
Rozkład punktacji
Procent ludzi z każdym wynikiem
Percentyl według liczby udzielonych odpowiedzi
Twoja historia wyników
Nie rozwiązałeś tego quizu